01356nam a22003255a 4500003000900000005001700009008004100026020001800067040004300085082002100128100002400149245013200173246004000305246005500345246007200400264008100472300004700553336002600600337002800626338002700654490002700681650004500708651001000753653002200763655002400785700002700809942001200836999001700848952016500865EG-ScBUE20220829105021.0170327s2015 cc a f 000 0 chi d a9787560988436 aEG-ScBUEbengerdacEG-ScBUEdEG-ScBUE04a720.284bJIA2221 aDu, Jian, eauthor.10aTo master architecture hand-drawing fast performance in 30 days =b30天必会建筑手绘快速表现 /cJian Du, Lüpu Lü.31a30天必会建筑手绘快速表现31a30 tian bi hui jian zhu shou hui kuai su biao xian3 aTo master architecture hand-drawing fast performance in thirty days 1aWuhan :bHuazhong University of Science and Technology Press (Hustp),c2015. a214 pages :bcolor illustrations ;c23 cm. 2rdacontentatextbtxt 2rdamediaaunmediatedbn 2rdacarrieravolumebnc0 aExcellent hand-painted 7aArchitectural drawingxTechnique.2BUEsh 2BUEsh bENGARCcMarch2017 vReading book9342321 aLü, Lüpu,eauthor. 2ddccBB c24542d24514 00102ddc40708IMCaMAINbMAINc2NDd2017-03-27ePurchaseg110.00h2546l1m6o720.284 JIAp000045924r2025-07-15 00:00:00s2017-05-03v137.50w2017-03-27yBB